Personajes del Perú y del mundo : (Registro nro. 239)
[ vista simple ]
| 000 -Cabecera | |
|---|---|
| Campo de control interno | 01139nam a2200229Ia 4500 |
| 005 - Fecha y hora del registro | |
| control field | 20251203123021.0 |
| 008 - Elementos de Longitud Fija | |
| fixed length control field | 251203t2003||||xx |||||||||||||| ||spa|| |
| 020 ## - ISBN | |
| ISBN | 8495978598 |
| 041 ## - Idioma | |
| Codigo Idioma | ESP |
| 082 ## - DEWEY y NOTACIÓN INTERNA | |
| Dewey | RO 920 |
| Notación Interna | C76 |
| 110 ## - AUTOR INSTTITUCIONAL | |
| Autor Institucional | Empresa Editorial El Comercio |
| 245 #0 - TÍTULO DE MATERIAL BIBLIOGRÁFICO | |
| Título | Personajes del Perú y del mundo : |
| Título paralelo | Números 1-16 |
| 260 ## - CIUDAD, EDITORIAL, AÑO | |
| Ciudad | Lima : |
| Nombre de la Editorial | El Comercio Ediciones, |
| Año | 2003 |
| 300 ## - DESCRIPCIÓN | |
| N° Páginas | 120 páginas : |
| Otros detalles | ilustraciones, fotografías ; |
| Dimensiones | 28 cm. |
| Material Adicional | |
| 440 ## - MENCIÓN DE SERIE | |
| Título de la Serie | |
| Número de Serie | |
| Volumen de Serie | |
| 505 ## - TABLA DE CONTENIDO | |
| Tabla de Contenido | Contiene: Número 1: Aachen – Arcipreste; Número 2: Arcipreste de Talavera – Bogart; Número 3: Bogdanov – Catulo; Número 4: Cauchy – Corrigan; Número 5: Corro – Éluard; Número 6: Elvira – Fontaine; Número 7: Fontana – Haider; Número 8: Hailé – Jacob; Número 9: Jacobi – Lozano; Número 10: Luaces – Müelich; Número 11: Mugabe – Papini; Número 12: Papp – Prowazek; Número 13: Prudencio – Russell; Número 14: Russo –Strauss; Número. 15: Stravinskij – Turner; Número 16: Turpin - Zworykin. |
| 650 ## - TEMAS | |
| Temas | Geografía |
| 653 ## - DESCRIPTORES | |
| Lenguajes no controlado | Biografías |
| 654 ## - PROGRAMAS | |
| Programa | Todos los programas |
| 942 ## - ELEMENTOS DE KOHA | |
| Tipo de documento | Libro |
| Nombre del creador | Justo Noguera |
| Código de catalogador | Margarita Torres |
| Esquema de clasificación | Dewey Decimal Classification |
| Suppress in OPAC | |
| Codigo completo | Registro | Colección | Copia número | Disponibilidad | Tipo de préstamo | Biblioteca Actual | Procedencia (Biblioteca) | Ubicacón | Fecha Ingreso | Tipo de Adquisición | Date last seen | Total checkouts | Price effective from | Tipo de Item | Estado del Material | Fuente de Clasificación | Damaged status | Withdrawn status |
|---|---|---|---|---|---|---|---|---|---|---|---|---|---|---|---|---|---|---|
| RO 920 C76 | 1085112 | Colección Vera Bejar | 1 | Restringido | Víctor Andrés Belaunde | Víctor Andrés Belaunde | Planta baja cerrada | 03/12/2025 | Donación | 03/12/2025 | 03/12/2025 | Libro | Bueno | Dewey Decimal Classification | Withdrawn |




